|
|
|
|
| LEADER |
00000nam a2200000 i 4500 |
| 001 |
1/102045 |
| 008 |
000222s1998 eng d |
| 020 |
|
|
|a 0-582-25161-3
|
| 035 |
|
|
|l 10057926
|
| 040 |
|
|
|a GR-MY-UA
|b gre
|e aacr
|
| 041 |
0 |
|
|a eng
|
| 082 |
0 |
|
|a 304.8
|
| 100 |
1 |
|
|a Boyle, P. J.
|
| 245 |
1 |
0 |
|a Exploring contemporary migration /
|c Paul Boyle, Keith Halfacree and Vaughan Robinson
|
| 260 |
|
|
|a Essex :
|b Longman,
|c c1998
|
| 300 |
|
|
|a 282 p.
|b fig.
|
| 504 |
|
|
|a Includes bibliographical references (p. [235]-272) and index
|
| 650 |
0 |
0 |
|a Migration, Internal.
|
| 650 |
0 |
0 |
|a Emigration and immigration.
|
| 700 |
1 |
|
|a Halfacree, Keith.
|
| 700 |
1 |
|
|a Robinson, Vaughan.
|
| 852 |
|
|
|a INST
|b LESVOS
|e 20000222
|h 304.8 BOY
|p 005100021498
|q 005100021498
|t BK
|y 4
|x 20000316
|
| 901 |
|
|
|a BIBL1-2000-1
|
| 909 |
|
|
|a Λ
|b 075485
|
| 920 |
|
|
|a ΕΡΓΑΣΤΗΡΙΟ ΠΟΛΙΤΙΣΜΙΚΗΣ ΕΠΙΚΟΙΝΩΝΙΑΣ ΚΑΙ ΤΕΚΜΗΡΙΩΣΗΣ
|y ΛΕΣΒΟΣ
|z 2000-02
|
| 970 |
|
|
|a ΤΖΑΦΕΡΗ
|b ΕΥΑΓΓΕΛΙΑ
|z 2000/02/22
|